| 000 | 01261nam a2200301 i 4500 | ||
|---|---|---|---|
| 001 | 200462417 | ||
| 003 | TR-AnTOB | ||
| 005 | 20240909091827.0 | ||
| 008 | 240909s2021 tu a|||| |||| 00| 0 tur d | ||
| 020 | _a9785020404854 | ||
| 040 |
_aTR-AnTOB _beng _erda _cTR-AnTOB |
||
| 041 | 0 | _arus | |
| 050 | 1 | 4 |
_aDS206.5 _b.P47 2021 |
| 090 |
_aDS206.5 _b.P47 2021 |
||
| 245 | 0 | 0 |
_aPersidskie diplomaticheskie dokumenty vremen Shakha Safi I : _biz sobraniia Rossiiskogo gosudarstvennogo arkhiva drevnikh aktov / _cizdanie podgotovili A. A. Andreev... [and seven others]. |
| 246 | 3 | 0 | _aПерсидские дипломатические документы времен шаха Сефи I. |
| 264 | 1 |
_aSankt-Peterburg : _bNauka, _c2021. |
|
| 300 |
_a303 pages ; _c24 cm |
||
| 336 |
_atext _btxt _2rdacontent |
||
| 337 |
_aunmediated _bn _2rdamedia |
||
| 338 |
_avolume _bnc _2rdacarrier |
||
| 500 | _aEditors: A. A. Andreev, D. A. Kopaneva, S. E. Kostikov, E. P. Pischurnikova, M. E. Rezvan, T. A. Slesarev, V. A. Shorokhov, O. M. Yastrebova. | ||
| 653 | _aDiplomatic documents, Persian—Safavid period, 1629-1642 | ||
| 653 | _aIran—History—Safavid period | ||
| 700 | 1 |
_aAndreev, A., _q(Anatoliĭ) _9118627 |
|
| 942 |
_2lcc _cBK |
||
| 999 |
_c200462417 _d80629 |
||